Модели, методы и инструменты при создании цифровых двойников (Запись № 13064199)

Подробности
000 -МАРКЕР
контрольное поле 03539nam0a2200397 4500
001 - ИДЕНТИФИКАТОР ЗАПИСИ
контрольное поле RU\NLR\BIBL_A\016332230
005 - ИДЕНТИФИКАТОР ВЕРСИИ
контрольное поле 20240427101541.0
010 ## - МЕЖДУНАРОДНЫЙ СТАНДАРТНЫЙ НОМЕР КНИГИ (ISBN)
Номер (ISBN) 978-5-907523-25-8
Тираж 500
021 ## - НОМЕР ГОСУДАРСТВЕННОЙ РЕГИСТРАЦИИ
Код страны Российская Федерация
Номер КН-П-23-010897
Номер Листа государственной регистраци КН-П-23-1070
035 ## - ДРУГИЕ СИСТЕМНЫЕ НОМЕРА
Идентификатор записи (NLR Aleph) 016332230
035 ## - ДРУГИЕ СИСТЕМНЫЕ НОМЕРА
Идентификатор записи (RuMoRGB)011605001
100 ## - ДАННЫЕ ОБЩЕЙ ОБРАБОТКИ
Данные общей обработки 20230403d2022 k y0rusy50 ca
101 0# - ЯЗЫК РЕСУРСА
Язык текста, звукозаписи и т.д. русский
102 ## - СТРАНА ПУБЛИКАЦИИ ИЛИ ПРОИЗВОДСТВА
Страна публикации Российская Федерация
105 ## - ПОЛЕ КОДИРОВАННЫХ ДАННЫХ: ТЕКСТОВЫЕ МАТЕРИАЛЫ, МОНОГРАФИЧЕСКИЕ
Кодированные данные о монографическом текстовом документе a|||z||||||z|
181 #1 - ПОЛЕ КОДИРОВАННЫХ ДАННЫХ: ВИД СОДЕРЖАНИЯ
Код вида содержания (ISBD) i3
Код характеристики содержания (ISBD) axxe
182 #1 - ПОЛЕ КОДИРОВАННЫХ ДАННЫХ: ТИП СРЕДСТВА
Код типа средства (ISBD) n - непосредственное
200 1# - ЗАГЛАВИЕ И СВЕДЕНИЯ ОБ ОТВЕТСТВЕННОСТИ
Основное заглавие Модели, методы и инструменты при создании цифровых двойников
Сведения, относящиеся к заглавию монография
Первые сведения об ответственности Н. И. Юсупова, О. Н. Сметанина, Е. Ю. Сазонова
203 ## - ВИД СОДЕРЖАНИЯ И ТИП СРЕДСТВА
Вид содержания Текст
Дополнительные сведения об издании визуальный
Тип средства непосредственный
210 ## - ПУБЛИКАЦИЯ, РАСПРОСТРАНЕНИЕ И ДР.
Место издания, распространения и т.д. Москва
Имя издателя, распространителя и т. д. Инновационное машиностроение
Дата издания, распространения и т.д. 2022
215 ## - ФИЗИЧЕСКАЯ ХАРАКТЕРИСТИКА
Специфическое обозначение материала и объем 184 с.
Другие сведения о физической характеристике ил.
Размеры 21
320 ## - ПРИМЕЧАНИЯ О НАЛИЧИИ В ДОКУМЕНТЕ БИБЛИОГРАФИИ / УКАЗАТЕЛЯ
Текст примечания Библиогр.: с. 144-147 (50 назв.)
330 ## - РЕЗЮМЕ ИЛИ РЕФЕРАТ
Текст примечания Изложены общие подходы к построению цифровых двойников, обоснована возможность использования для построения цифровых двойников модельно-ориентированной системной инженерии. Показано, что сложная система, описанная как взаимосвязь отдельных элементов в определенные моменты времени, может быть исследована с использованием имитационного моделирования, обеспечивающего возможность продемонстрировать логическую структуру системы, процессы ее функционирования, взаимосвязь событий в системе. Отмечено, что концепция цифровых двойников подразумевает управление системой на всех этапах жизненного цикла и, как следствие, необходимость учета функций управления: планирование (часто на основе прогнозирования), анализ, контроль и пр. Примерами задач могут служить задачи, связанные с повышением эффективности (экономической, социальной и пр.): сокращение простоев и повышение степени полезного использования оборудования; повышение качества процессов и производимой продукции, сокращение брака и пр
606 1# - НАИМЕНОВАНИЕ ТЕМЫ КАК ПРЕДМЕТ
Наименование темы Цифровые двойники
Системный номер авторитетной/нормативной записи 2588151
Идентификатор авторитетной/нормативной записи RU\NLR\AUTH\6601739686
606 1# - НАИМЕНОВАНИЕ ТЕМЫ КАК ПРЕДМЕТ
Наименование темы Цифровое моделирование
Системный номер авторитетной/нормативной записи 2588158
Идентификатор авторитетной/нормативной записи RU\NLR\AUTH\6601739689
675 ## - УНИВЕРСАЛЬНАЯ ДЕСЯТИЧНАЯ КЛАССИФИКАЦИЯ (UDC/УДК)
Индекс 004.942
Издание 4
686 ## - ИНДЕКСЫ ДРУГИХ КЛАССИФИКАЦИЙ
Индекс 32.973
Код системы
686 1# - ИНДЕКСЫ ДРУГИХ КЛАССИФИКАЦИЙ
Индекс З973.3
700 #1 - ИМЯ ЛИЦА - ПЕРВИЧНАЯ ОТВЕТСТВЕННОСТЬ
Графика поля Кириллица
Материалы, к которым относится поле rus
Начальный элемент ввода Юсупова
Часть имени, кроме начального элемента ввода Н. И.
Даты 1953-
Расширение инициалов личного имени Нафиса Исламовна
Системный номер авторитетной/нормативной записи 114614
Идентификатор авторитетной/нормативной записи RU\NLR\AUTH\774637
701 #1 - ИМЯ ЛИЦА - АЛЬТЕРНАТИВНАЯ ОТВЕТСТВЕННОСТЬ
Графика поля Кириллица
Материалы, к которым относится поле rus
Начальный элемент ввода Сметанина
Часть имени, кроме начального элемента ввода О. Н.
Даты 1963-
Расширение инициалов личного имени Ольга Николаевна
Системный номер авторитетной/нормативной записи 27888
Идентификатор авторитетной/нормативной записи RU\NLR\AUTH\7744948
701 #1 - ИМЯ ЛИЦА - АЛЬТЕРНАТИВНАЯ ОТВЕТСТВЕННОСТЬ
Начальный элемент ввода Сазонова
Часть имени, кроме начального элемента ввода Е. Ю.
Расширение инициалов личного имени Екатерина Юрьевна
942 ## - ДОПОЛНИТЕЛЬНЫЕ ЭЛЕМЕНТЫ ЗАПИСИ (АБИС)
Тип экземпляра АБИС Книга
980 ## - КОЛЛЕКЦИЯ
Название коллекции Национальная библиография
Экземпляры
Тип экземпляра Дата поступления Источник поступления Библиотека постоянного хранения Библиотека текущего хранения Место хранения Шифр хранения Штрих-код Статус экземпляра
Книга 03.04.2023 Обязательный экземпляр РНБ (Московский) РНБ (Московский) Русский книжный фонд: издания с 1957 года 2023-3/7194 1-4156001